[Event "Krefelder SK Turm 1 - Düsseldorfer SK "]
[Site "NRW-Liga - Gruppe 1 2019/2020"]
[Date "2019.09.15"]
[Round "1.1"]
[White "Kohlweyer, Bernd"]
[Black "Stomberg, Thomas"]
[Result "1/2-1/2"]
[WhiteElo "2256"]
[BlackElo "2297"]
[PlyCount "93"]
[EventDate "2019.??.??"]
[SourceVersionDate "2020.03.16"]
[WhiteTeam "Düsseldorfer SK 2"]
[BlackTeam "Krefelder SK Turm 1"]

1. d4 e6 2. c4 Nf6 3. Nf3 d5 4. Nc3 Nbd7 5. Qc2 Be7 6. cxd5 exd5 7. Bf4 c6 8.
h3 O-O 9. e3 Re8 10. Bd3 Nf8 11. O-O-O Be6 12. Kb1 Qa5 13. g4 Rac8 14. Nd2 b5
15. Bg5 Ne4 16. Bxe4 Bxg5 17. Bd3 Be7 18. Nb3 Qb6 19. Ne2 c5 20. Nxc5 Bxc5 21.
dxc5 Rxc5 22. Qd2 b4 23. Rc1 Rec8 24. Rxc5 Rxc5 25. Bc2 Nd7 26. Qd4 Rc4 27.
Qxb6 Nxb6 28. Nd4 h6 29. Rd1 Kf8 30. Bd3 Rc5 31. Rc1 Rxc1+ 32. Kxc1 Bd7 33. Ba6
Ke7 34. Nc2 b3 35. axb3 Kd6 36. Kd2 h5 37. f3 hxg4 38. hxg4 g5 39. Nd4 Na8 40.
Kc3 Nc7 41. Be2 Ne6 42. Bd3 Nxd4 43. Kxd4 a5 44. Be2 f6 45. f4 Bc6 46. Bf3 Bb7
47. Bg2 1/2-1/2

[Event "Krefelder SK Turm 1 - Düsseldorfer SK "]
[Site "NRW-Liga - Gruppe 1 2019/2020"]
[Date "2019.09.15"]
[Round "1.2"]
[White "Kern, Guido"]
[Black "Coenen, Michael"]
[Result "1/2-1/2"]
[WhiteElo "2265"]
[BlackElo "2337"]
[Annotator "Daniel"]
[PlyCount "62"]
[EventDate "2019.??.??"]
[SourceVersionDate "2020.03.16"]
[WhiteTeam "Krefelder SK Turm 1"]
[BlackTeam "Düsseldorfer SK 2"]

1. Nf3 Nf6 2. g3 d5 3. Bg2 e6 4. d4 Be7 5. c4 O-O 6. Qc2 dxc4 7. Nbd2 c5 8.
dxc5 Bxc5 9. O-O Nc6 10. Nxc4 Qe7 11. Nfe5 Nxe5 12. Nxe5 Bd4 13. Bf4 Nd5 14.
Rfd1 Nxf4 15. gxf4 Rd8 16. Rd3 f6 17. Nf3 Bb6 18. Rad1 Bd7 19. Qb3 Be8 20. Rxd8
Rxd8 21. Rxd8 Qxd8 22. Bh3 Bc6 23. Bxe6+ Kh8 24. Kg2 $11 Qd4 25. Qe3 Qd6 26.
Qb3 Qxf4 27. Bd5 Qg4+ 28. Kf1 Qh3+ 29. Kg1 Qg4+ 30. Kf1 Qh3+ 31. Kg1 Qg4+
1/2-1/2

[Event "Krefelder SK Turm 1 - Düsseldorfer SK "]
[Site "NRW-Liga - Gruppe 1 2019/2020"]
[Date "2019.09.15"]
[Round "1.3"]
[White "Harff, Marcel"]
[Black "Winkel, Peter"]
[Result "1-0"]
[WhiteElo "2333"]
[BlackElo "2193"]
[PlyCount "75"]
[EventDate "2019.??.??"]
[SourceVersionDate "2020.03.16"]
[WhiteTeam "Düsseldorfer SK 2"]
[BlackTeam "Krefelder SK Turm 1"]

1. c4 e6 2. Nf3 d5 3. e3 Nf6 4. b3 c5 5. Bb2 Nc6 6. cxd5 exd5 7. a3 Bd6 8. d4
cxd4 9. Nxd4 O-O 10. Be2 a6 11. Nd2 Bc7 12. Rc1 Qd6 13. Qc2 Bd7 14. N2f3 Rfe8
15. b4 Ne4 16. O-O Rac8 17. Nxc6 Bxc6 18. g3 Bb6 19. Bd4 Bxd4 20. Nxd4 Bd7 21.
Qb2 Qf6 22. Bf3 Rc4 23. Rxc4 dxc4 24. Bxe4 Rxe4 25. Qc2 Rxd4 26. exd4 Qf3 27.
Qd1 Qxa3 28. Qd2 Qf3 29. Qf4 Qxf4 30. gxf4 Bc6 31. d5 Bb5 32. Re1 Kf8 33. Re3
Bd7 34. Kf1 g6 35. Ke1 b6 36. Kd2 a5 37. bxa5 bxa5 38. Kc3 1-0

[Event "Krefelder SK Turm 1 - Düsseldorfer SK "]
[Site "NRW-Liga - Gruppe 1 2019/2020"]
[Date "2019.09.15"]
[Round "1.4"]
[White "Kistella, Roman"]
[Black "Hainke, Guntram"]
[Result "0-1"]
[WhiteElo "2203"]
[BlackElo "2349"]
[PlyCount "90"]
[EventDate "2019.??.??"]
[SourceVersionDate "2020.03.16"]
[WhiteTeam "Krefelder SK Turm 1"]
[BlackTeam "Düsseldorfer SK 2"]

1. d4 d5 2. c4 c6 3. Nf3 Nf6 4. Nc3 e6 5. e3 a6 6. b3 Bb4 7. Bd2 Nbd7 8. a3 Bd6
9. c5 Bc7 10. b4 O-O 11. Be2 Re8 12. Bc1 e5 13. Bb2 e4 14. Nd2 Nf8 15. h3 N6d7
16. Qc2 Qg5 17. Bf1 f5 18. Ne2 Ne6 19. g3 Nf6 20. Nf4 Qh6 21. O-O-O g5 22. Ng2
f4 23. f3 exf3 24. Nxf3 fxe3 25. Ne5 Nxd4 26. Bxd4 Bxe5 27. Bxe3 Ne4 28. Bd3
Nxg3 29. h4 Nxh1 30. Bxg5 Qg7 31. Rxh1 Be6 32. Kb1 Bf7 33. Ne3 Bg6 34. Nf5 Bxf5
35. Bxf5 Kh8 36. Bc1 a5 37. b5 Rf8 38. Re1 Rae8 39. Bd3 Bd4 40. Rd1 Rf2 41. Qa4
Bb2 42. Bd2 Bc3 43. Bc1 Qg2 44. Qb3 Bg7 45. Bc2 Ree2 0-1

[Event "Krefelder SK Turm 1 - Düsseldorfer SK "]
[Site "NRW-Liga - Gruppe 1 2019/2020"]
[Date "2019.09.15"]
[Round "1.6"]
[White "Neuer, Thomas"]
[Black "Partenheimer, Axel"]
[Result "1/2-1/2"]
[WhiteElo "2095"]
[BlackElo "2067"]
[PlyCount "30"]
[EventDate "2019.??.??"]
[SourceVersionDate "2020.03.16"]
[WhiteTeam "Krefelder SK Turm 1"]
[BlackTeam "Düsseldorfer SK 2"]

1. Nf3 c5 2. c4 Nc6 3. g3 g6 4. Bg2 Bg7 5. Nc3 d6 6. O-O e6 7. e3 Nge7 8. d4
O-O 9. Re1 Rb8 10. Qd2 a6 11. dxc5 dxc5 12. Na4 b6 13. Rd1 Qc7 14. Qe2 Bb7 15.
Bd2 Ne5 1/2-1/2

[Event "Krefelder SK Turm 1 - Düsseldorfer SK "]
[Site "NRW-Liga - Gruppe 1 2019/2020"]
[Date "2019.09.15"]
[Round "1.7"]
[White "Luncescu, Christian"]
[Black "Dorner, Matthias"]
[Result "1/2-1/2"]
[WhiteElo "2127"]
[BlackElo "2108"]
[PlyCount "85"]
[EventDate "2019.??.??"]
[SourceVersionDate "2020.03.16"]
[WhiteTeam "Düsseldorfer SK 2"]
[BlackTeam "Krefelder SK Turm 1"]

1. e4 c6 2. c4 d5 3. exd5 cxd5 4. cxd5 Nf6 5. Nc3 g6 6. Bc4 Bg7 7. Nf3 O-O 8.
O-O Na6 9. Qb3 Nc5 10. Qa3 Nce4 11. Re1 Nd6 12. d3 Bd7 13. Ne5 b5 14. Nxd7 Qxd7
15. Bb3 a5 16. Qc5 a4 17. Bd1 Rfc8 18. Qb4 a3 19. Rb1 Qc7 20. Bf3 Nfe8 21. Bf4
axb2 22. Nxb5 Qc2 23. Nd4 Qa4 24. Bxd6 Nxd6 25. Qxa4 Rxa4 26. Nc6 Bf6 27. d4
Rxa2 28. Nb4 Ra1 29. Rxa1 bxa1=Q 30. Rxa1 Bxd4 31. Rd1 Rc4 32. Nc6 Bf6 33. g3
h5 34. h4 Rc2 35. Re1 Kf8 36. Re2 Rc3 37. Kg2 Nf5 38. Be4 Nd6 39. Bf3 Rc4 40.
Ra2 Nf5 41. Re2 Rc3 42. Be4 Nd6 43. Bf3 1/2-1/2

[Event "Krefelder SK Turm 1 - Düsseldorfer SK "]
[Site "NRW-Liga - Gruppe 1 2019/2020"]
[Date "2019.09.15"]
[Round "1.8"]
[White "Fehmer, Carsten"]
[Black "Toel, Karl-Ludwig"]
[Result "1-0"]
[WhiteElo "2056"]
[BlackElo "1871"]
[PlyCount "59"]
[EventDate "2019.??.??"]
[SourceVersionDate "2020.03.16"]
[WhiteTeam "Krefelder SK Turm 1"]
[BlackTeam "Düsseldorfer SK 2"]

1. Nf3 Nf6 2. g3 g6 3. b3 Bg7 4. Bb2 d5 5. Bg2 O-O 6. O-O c5 7. c4 Nc6 8. cxd5
Nxd5 9. Bxg7 Kxg7 10. d4 cxd4 11. Nxd4 e5 12. Nxc6 bxc6 13. Qc1 Qf6 14. Nc3
Nxc3 15. Qxc3 Ba6 16. Rfe1 Rac8 17. Bh3 Rb8 18. Qc5 Rb7 19. Rad1 Rd8 20. Rxd8
Qxd8 21. Qxe5+ f6 22. Qc3 Re7 23. Bg4 Qd6 24. e3 Qa3 25. Rd1 Bb5 26. h4 a5 27.
h5 gxh5 28. Bxh5 a4 29. Rd4 Qxa2 30. Rg4+ 1-0

[Event "SV Erkenschwick 1 - SK Sodingen/Castrop"]
[Site "NRW-Liga - Gruppe 1 2019/2020"]
[Date "2019.09.15"]
[Round "1.1"]
[White "Werrn, Pascal"]
[Black "Jens, Jelmer"]
[Result "1/2-1/2"]
[WhiteElo "2083"]
[BlackElo "2396"]
[Annotator "Daniel"]
[PlyCount "88"]
[EventDate "2019.??.??"]
[SourceVersionDate "2020.03.16"]
[WhiteTeam "SK Sodingen/Castrop 1"]
[BlackTeam "SV Erkenschwick 1"]

1. d4 f5 2. g3 Nf6 3. Bg2 g6 4. Nh3 Nc6 5. d5 Ne5 6. b3 Bg7 7. Bb2 d6 8. O-O
O-O 9. Nf4 c6 10. Nc3 Qe8 11. Nd3 Bd7 12. Nxe5 dxe5 13. e4 f4 14. gxf4 Nh5 15.
Ne2 Nxf4 16. Nxf4 Rxf4 17. Bc1 g5 18. Bxf4 exf4 19. Rc1 Qg6 20. e5 Bxe5 $11 21.
dxc6 Bxc6 22. Bxc6 bxc6 23. Qd7 f3 24. Rce1 Bd6 25. Qe6+ Kg7 26. Qxg6+ hxg6 27.
Re3 g4 28. Rfe1 Rh8 29. Rxe7+ Bxe7 30. Rxe7+ Kf6 31. Rxa7 Rd8 32. h3 g3 33.
fxg3 Rd2 34. c4 Rg2+ 35. Kf1 Rxg3 36. Rh7 Rg2 37. a4 Rb2 38. Rc7 Rxb3 39. Rxc6+
Kf5 40. Kf2 Ra3 41. Rc8 Rxa4 42. Rf8+ Ke4 43. Kg3 Rxc4 44. Rxf3 Ke5 1/2-1/2

[Event "SV Erkenschwick 1 - SK Sodingen/Castrop"]
[Site "NRW-Liga - Gruppe 1 2019/2020"]
[Date "2019.09.15"]
[Round "1.2"]
[White "De Vreugt, Dennis"]
[Black "Boehnke, Martin"]
[Result "1/2-1/2"]
[WhiteElo "2364"]
[BlackElo "2150"]
[PlyCount "163"]
[EventDate "2019.??.??"]
[SourceVersionDate "2020.03.16"]
[WhiteTeam "SV Erkenschwick 1"]
[BlackTeam "SK Sodingen/Castrop 1"]

1. e4 d5 2. exd5 Qxd5 3. Nc3 Qa5 4. d4 c6 5. Bc4 Bf5 6. Nf3 Nf6 7. Bd2 e6 8.
Qe2 Bb4 9. Ne5 Nbd7 10. Nxd7 Nxd7 11. a3 Bxc3 12. Bxc3 Qc7 13. d5 cxd5 14. Bxd5
O-O-O 15. Ba2 Kb8 16. O-O-O Rhe8 17. Rd2 f6 18. Rhd1 Nf8 19. Rxd8+ Rxd8 20.
Rxd8+ Qxd8 21. g4 Bg6 22. Bxe6 Nxe6 23. Qxe6 Qe8 24. Qd6+ Kc8 25. Qc5+ Kb8 26.
f4 Be4 27. Qd6+ Kc8 28. g5 fxg5 29. Qc5+ Bc6 30. fxg5 Qf7 31. b3 g6 32. Bf6 a6
33. Kb2 Kd7 34. a4 h5 35. Qb6 Ke6 36. Qd4 Qd7 37. Qe3+ Kf7 38. Qf4 Qf5 39. Qc7+
Qd7 40. Qb8 Qe8 41. Qc7+ Qd7 42. Qf4 Qf5 43. Qd6 Qd7 44. Qb4 Qe6 45. Qc5 Qd7
46. Ka3 Ke6 47. Qe5+ Kf7 48. h4 Qe6 49. Qf4 Qf5 50. Qc7+ Qd7 51. Qe5 Qe6 52.
Qc5 Qd7 53. c4 Be4 54. Qe5 Bc6 55. Qf4 Qg4 56. Qc7+ Qd7 57. Qe5 Qe6 58. Qc5 Qe4
59. Qd6 Qe6 60. Qb8 Qe8 61. Qc7+ Qd7 62. Qf4 Qg4 63. Qh2 Qf5 64. Kb4 Qd7 65.
Kc5 Be4 66. Qf4 Qc6+ 67. Kd4 Bf5 68. Qe5 Qd7+ 69. Kc5 Qc6+ 70. Kb4 Qd7 71. Ka5
Bc2 72. Bh8 Qd8+ 73. Kb4 Qe7+ 74. Kc3 Qxe5+ 75. Bxe5 Bd1 76. Bg3 Ke6 77. a5 Kd7
78. b4 Kc6 79. Kd4 Be2 80. Bf4 Bf1 81. Bd2 Be2 82. Be3 1/2-1/2

[Event "SV Erkenschwick 1 - SK Sodingen/Castrop"]
[Site "NRW-Liga - Gruppe 1 2019/2020"]
[Date "2019.09.15"]
[Round "1.3"]
[White "Waldschmidt, Georg"]
[Black "Erwich, Frank"]
[Result "0-1"]
[WhiteElo "2151"]
[BlackElo "2365"]
[PlyCount "92"]
[EventDate "2019.??.??"]
[SourceVersionDate "2020.03.16"]
[WhiteTeam "SK Sodingen/Castrop 1"]
[BlackTeam "SV Erkenschwick 1"]

1. e4 e5 2. Nf3 Nc6 3. Bb5 a6 4. Ba4 b5 5. Bb3 g6 6. d4 exd4 7. Nxd4 Na5 8. Nc3
Bg7 9. Be3 Ne7 10. Qd2 c5 11. Nd5 Bb7 12. Ne2 Nxb3 13. axb3 Bxd5 14. exd5 d6
15. c4 bxc4 16. bxc4 Qb6 17. O-O Qxb2 18. Qxb2 Bxb2 19. Ra5 Kd7 20. Rb1 Rhb8
21. g4 Rb6 22. Ng3 Rab8 23. Ne4 Bg7 24. Rc1 h6 25. Bf4 Nc8 26. Rc2 Rb1+ 27. Kg2
R8b6 28. Bc1 Ne7 29. Nd2 Ra1 30. Rxa1 Bxa1 31. Ne4 f5 32. gxf5 Nxf5 33. Bf4 Bd4
34. Ra2 g5 35. Bd2 Be5 36. h3 Rb1 37. Kf3 Rg1 38. Be3 Nxe3 39. fxe3 Rh1 40. Kg4
h5+ 41. Kxh5 Rxh3+ 42. Kxg5 Rxe3 43. Nf2 Rc3 44. Ng4 Rxc4 45. Nxe5+ dxe5 46.
Kf5 Kd6 0-1

[Event "SV Erkenschwick 1 - SK Sodingen/Castrop"]
[Site "NRW-Liga - Gruppe 1 2019/2020"]
[Date "2019.09.15"]
[Round "1.4"]
[White "Van Beek, Alexander"]
[Black "Kusnetsov, Mark"]
[Result "1-0"]
[WhiteElo "2255"]
[BlackElo "2126"]
[PlyCount "49"]
[EventDate "2019.??.??"]
[SourceVersionDate "2020.03.16"]
[WhiteTeam "SV Erkenschwick 1"]
[BlackTeam "SK Sodingen/Castrop 1"]

1. e4 e5 2. Nf3 Nc6 3. Bc4 Nf6 4. d3 Bc5 5. O-O d6 6. c3 O-O 7. Nbd2 a6 8. Bb3
Qe7 9. h3 Be6 10. Re1 Rad8 11. Nf1 d5 12. exd5 Nxd5 13. Ng5 Bb6 14. Ng3 Nf4 15.
Bxf4 exf4 16. N3e4 Bxb3 17. axb3 Ne5 18. Nxh7 Qh4 19. Nxf8 Rxd3 20. Qc2 Rxh3
21. gxh3 Qxh3 22. Nf6+ gxf6 23. Qh7+ Qxh7 24. Nxh7 Kxh7 25. Kg2 1-0

[Event "SV Erkenschwick 1 - SK Sodingen/Castrop"]
[Site "NRW-Liga - Gruppe 1 2019/2020"]
[Date "2019.09.15"]
[Round "1.5"]
[White "Banik, Thorsten"]
[Black "Langers, Alexander"]
[Result "0-1"]
[WhiteElo "2112"]
[BlackElo "2217"]
[Annotator "Daniel"]
[PlyCount "118"]
[EventDate "2019.??.??"]
[SourceVersionDate "2020.03.16"]
[WhiteTeam "SK Sodingen/Castrop 1"]
[BlackTeam "SV Erkenschwick 1"]

1. d4 Nf6 2. Bg5 Ne4 3. h4 d5 4. Nd2 c6 5. Nxe4 dxe4 6. c3 Bg4 7. Qb3 Qd7 8. e3
e6 9. Be2 Bxe2 10. Nxe2 Be7 11. Bxe7 Qxe7 12. h5 O-O 13. O-O-O b5 14. Qc2 f5
15. Nf4 Nd7 16. Qb3 Rae8 17. Qb4 Nb6 18. Qxe7 Rxe7 19. g3 a5 20. b3 a4 21. Kc2
Ra8 22. Rb1 Kf7 23. Rb2 Rc7 24. Rd1 Kf6 25. Kd2 Ke7 26. Ke2 Nd5 27. Rc1 axb3
28. axb3 c5 29. Nxd5+ $11 exd5 30. dxc5 Rxc5 31. b4 Rc7 32. Rd2 Ke6 33. Rcd1
Rd7 34. Rd4 Ra3 35. Rc1 Ra2+ 36. Rd2 Rxd2+ 37. Kxd2 Ra7 38. Rc2 Kf6 39. Kc1 Kg5
40. Rd2 Rd7 41. Ra2 Kxh5 42. Kd2 Kg4 43. Ke2 g6 44. Ra6 Rc7 45. Rb6 Rxc3 46.
Rxb5 Rc2+ 47. Ke1 Rb2 48. Rxd5 Rxb4 49. Rd7 Kf3 50. Rxh7 Rb1+ 51. Kd2 Rb2+ 52.
Kc3 Rxf2 53. Rg7 Kxe3 54. Rxg6 Rf3 55. Rg5 Kf2+ 56. Kd4 e3 57. Rh5 e2 58. Rh2+
Kf1 59. Rh1+ Kg2 0-1

[Event "SV Erkenschwick 1 - SK Sodingen/Castrop"]
[Site "NRW-Liga - Gruppe 1 2019/2020"]
[Date "2019.09.15"]
[Round "1.6"]
[White "Krings, Christoph"]
[Black "Hille, Ralph Ingo"]
[Result "1/2-1/2"]
[WhiteElo "2162"]
[BlackElo "2020"]
[PlyCount "59"]
[EventDate "2019.??.??"]
[SourceVersionDate "2020.03.16"]
[WhiteTeam "SV Erkenschwick 1"]
[BlackTeam "SK Sodingen/Castrop 1"]

1. d4 e6 2. Nf3 b6 3. g3 Bb7 4. Bg2 Nf6 5. O-O g6 6. c4 Bg7 7. Nc3 Ne4 8. Qc2
Nxc3 9. Qxc3 d6 10. Qc2 O-O 11. Rd1 h6 12. b3 Qe7 13. Bb2 Nd7 14. e4 e5 15. d5
Rae8 16. b4 Bc8 17. Ba3 f5 18. Nh4 Qf7 19. exf5 gxf5 20. Bh3 e4 21. Bxf5 Bxa1
22. Rxa1 Ne5 23. Bxc8 Rxc8 24. Rf1 Nf3+ 25. Nxf3 exf3 26. Bb2 Rce8 27. Qc3 Kh7
28. h3 Re7 29. Re1 Rxe1+ 30. Qxe1 1/2-1/2

[Event "SV Erkenschwick 1 - SK Sodingen/Castrop"]
[Site "NRW-Liga - Gruppe 1 2019/2020"]
[Date "2019.09.15"]
[Round "1.7"]
[White "Mueller, Frank"]
[Black "Homs, Guust"]
[Result "0-1"]
[WhiteElo "2034"]
[BlackElo "2148"]
[PlyCount "62"]
[EventDate "2019.??.??"]
[SourceVersionDate "2020.03.16"]
[WhiteTeam "SK Sodingen/Castrop 1"]
[BlackTeam "SV Erkenschwick 1"]

1. e4 e5 2. Nf3 Nc6 3. Be2 Nf6 4. d3 d5 5. exd5 Nxd5 6. O-O Be7 7. c3 a5 8. a4
O-O 9. Na3 Re8 10. Re1 Bf6 11. Qc2 Bf5 12. Bf1 h6 13. Nc4 Qd7 14. Nfd2 g6 15.
Ne4 Bg7 16. Ne3 Nxe3 17. Bxe3 Qe7 18. Ng3 Be6 19. f4 Rad8 20. Qf2 f5 21. h3 Qf7
22. Bc5 Kh7 23. fxe5 Nxe5 24. d4 Nc4 25. Rad1 b6 26. d5 Bxd5 27. Bd4 Bf8 28. b3
Nd6 29. c4 Ne4 30. Nxe4 Bxe4 31. Kh1 Bb4 0-1

[Event "SV Erkenschwick 1 - SK Sodingen/Castrop"]
[Site "NRW-Liga - Gruppe 1 2019/2020"]
[Date "2019.09.15"]
[Round "1.8"]
[White "Strozewski, Frank"]
[Black "Rohovoy, Dmitrij"]
[Result "1-0"]
[WhiteElo "2005"]
[BlackElo "1971"]
[Annotator "Daniel"]
[PlyCount "59"]
[EventDate "2019.??.??"]
[SourceVersionDate "2020.03.16"]
[WhiteTeam "SV Erkenschwick 1"]
[BlackTeam "SK Sodingen/Castrop 1"]

1. c4 Nf6 2. d4 e6 3. Nc3 d5 4. Bf4 c6 5. e3 Bd6 6. Bg3 O-O 7. Bd3 Re8 8. f4
dxc4 9. Bxc4 Nd5 10. Qd2 b5 11. Bb3 a5 12. Nge2 Nd7 13. O-O N7b6 14. Rf3 a4 15.
Bc2 Nc4 16. Qc1 Bb7 17. Bd3 Nxc3 18. Qxc3 Nb6 $11 19. e4 Rc8 20. Raf1 c5 21. f5
cxd4 22. Qa5 Bxg3 23. Nxg3 Nc4 24. Qxb5 Nd6 25. Qxa4 exf5 26. Nxf5 Nxf5 27.
Rxf5 Bxe4 28. Bxe4 Rxe4 29. Rxf7 Qb6 30. Qd7 1-0

[Event "Herforder SV Königsspringer 1 - SV Ber"]
[Site "NRW-Liga - Gruppe 1 2019/2020"]
[Date "2019.09.15"]
[Round "1.1"]
[White "Koellner, Aaron Noah"]
[Black "Nordsieck, Thomas"]
[Result "1/2-1/2"]
[WhiteElo "2077"]
[BlackElo "2264"]
[PlyCount "83"]
[EventDate "2019.??.??"]
[SourceVersionDate "2020.03.16"]
[WhiteTeam "SV Bergneustadt/Derschlag 1"]
[BlackTeam "Herforder SV Königsspringer 1"]

1. d4 d5 2. Bf4 c5 3. e3 cxd4 4. exd4 Nc6 5. c3 f6 6. Bd3 e5 7. Qh5+ g6 8.
Bxg6+ hxg6 9. Qxh8 exf4 10. Qxg8 Bf5 11. Qh7 Qb6 12. Ne2 f3 13. gxf3 Qxb2 14.
O-O O-O-O 15. Ng3 Qxa1 16. Nxf5 gxf5 17. Qxf5+ Kb8 18. Qc2 Rc8 19. Qd2 Bd6 20.
Re1 Na5 21. Na3 Nb3 22. Qe3 Qxa2 23. Nb5 Bc7 24. Nxc7 Rxc7 25. Qf4 Qa4 26. c4
b6 27. cxd5 Qxd4 28. Qd6 Qc5 29. Qxf6 Qxd5 30. h4 Nd4 31. Re4 Rd7 32. h5 Qd6
33. Qh8+ Kb7 34. Kg2 Nf5 35. Rg4 Qd2 36. Qe5 Qd5 37. Qf6 Rf7 38. Qc3 Nh6 39.
Rg6 Nf5 40. Rg4 Nh6 41. Rg6 Nf5 42. Rg4 1/2-1/2

[Event "Herforder SV Königsspringer 1 - SV Ber"]
[Site "NRW-Liga - Gruppe 1 2019/2020"]
[Date "2019.09.15"]
[Round "1.2"]
[White "Peist, Juergen"]
[Black "Koellner, Christof"]
[Result "1-0"]
[WhiteElo "2270"]
[BlackElo "2078"]
[PlyCount "99"]
[EventDate "2019.??.??"]
[SourceVersionDate "2020.03.16"]
[WhiteTeam "Herforder SV Königsspringer 1"]
[BlackTeam "SV Bergneustadt/Derschlag 1"]

1. Nf3 d5 2. c4 e6 3. g3 Nf6 4. Bg2 dxc4 5. O-O Be7 6. Na3 O-O 7. Nxc4 Nbd7 8.
d3 c6 9. Bd2 Nd5 10. a3 Re8 11. Qc2 Bf8 12. Rac1 N5b6 13. Na5 e5 14. b4 a6 15.
Rfd1 g6 16. e4 Bg7 17. Be3 Nf8 18. d4 exd4 19. Nxd4 Nbd7 20. f4 Qe7 21. e5 Nb8
22. Bf2 Ne6 23. Nc4 Nxd4 24. Bxd4 Nd7 25. Nd6 Rd8 26. Qc4 Nf8 27. Bb6 Be6 28.
Bxd8 Rxd8 29. Qc5 Rd7 30. Ne4 Qd8 31. Rxd7 Qxd7 32. Qd6 Qc8 33. Nc5 Bf5 34. Rd1
Ne6 35. Nxe6 Bxe6 36. Qd8+ Qxd8 37. Rxd8+ Bf8 38. Rb8 Kg7 39. Rxb7 c5 40. Kf2
cxb4 41. axb4 Bc4 42. Ke3 Bb5 43. Kd4 Bxb4 44. Bd5 Be1 45. Rxf7+ Kg8 46. Rc7+
Kf8 47. Bc4 Bf2+ 48. Kd5 Bg1 49. Bxb5 axb5 50. Rxh7 1-0

[Event "Herforder SV Königsspringer 1 - SV Ber"]
[Site "NRW-Liga - Gruppe 1 2019/2020"]
[Date "2019.09.15"]
[Round "1.3"]
[White "Stuemer, Paul"]
[Black "Bentel, Robin"]
[Result "0-1"]
[WhiteElo "2023"]
[BlackElo "2134"]
[PlyCount "84"]
[EventDate "2019.??.??"]
[SourceVersionDate "2020.03.16"]
[WhiteTeam "SV Bergneustadt/Derschlag 1"]
[BlackTeam "Herforder SV Königsspringer 1"]

1. Nf3 Nf6 2. d4 g6 3. c4 Bg7 4. e3 O-O 5. Be2 d6 6. Nc3 Nbd7 7. O-O e5 8. Qc2
Re8 9. Rd1 e4 10. Nd2 Qe7 11. b4 Nf8 12. a4 h5 13. a5 Bf5 14. b5 a6 15. bxa6
bxa6 16. Ba3 h4 17. h3 N8h7 18. Bf1 g5 19. Rdc1 g4 20. hxg4 Nxg4 21. Nd5 Qg5
22. Nb3 Qh6 23. Ra2 Rab8 24. Rb1 h3 25. g3 Bxd4 26. exd4 Bg6 27. Qe2 h2+ 28.
Kh1 Nxf2+ 29. Qxf2 e3 30. Qe1 e2 31. Rxe2 Rxe2 32. Qxe2 Bxb1 33. Nd2 Ng5 34.
Qe3 Kg7 35. Bc1 Qg6 36. Bg2 Ne6 37. Ne4 Re8 38. Nec3 Bf5 39. Nf4 Nxf4 40. Qxe8
Nxg2 41. Kxg2 Be6 42. Qa4 Qh5 0-1

[Event "Herforder SV Königsspringer 1 - SV Ber"]
[Site "NRW-Liga - Gruppe 1 2019/2020"]
[Date "2019.09.15"]
[Round "1.4"]
[White "Beilfuß, Wilfried"]
[Black "Chlechowitz, Frank"]
[Result "1/2-1/2"]
[WhiteElo "2131"]
[BlackElo "2138"]
[PlyCount "88"]
[EventDate "2019.??.??"]
[SourceVersionDate "2020.03.16"]
[WhiteTeam "Herforder SV Königsspringer 1"]
[BlackTeam "SV Bergneustadt/Derschlag 1"]

1. c4 d6 2. d4 e5 3. Nc3 exd4 4. Qxd4 Nc6 5. Qd2 g6 6. b3 Bg7 7. Bb2 Nf6 8. g3
O-O 9. Bg2 Bf5 10. Nh3 Qe7 11. Nf4 Rae8 12. O-O Qd8 13. Rad1 Ne4 14. Nxe4 Bxe4
15. f3 Bf5 16. Nd5 f6 17. e4 Be6 18. Rfe1 Bxd5 19. cxd5 Ne5 20. f4 Nd7 21. Rc1
Re7 22. Bd4 b6 23. b4 g5 24. Bh3 gxf4 25. gxf4 Bh6 26. Rc3 Kh8 27. Kh1 Ne5 28.
Qf2 Ng6 29. Rf3 Qe8 30. Bf5 Kg7 31. Rg1 c5 32. Bc3 Kh8 33. Be6 Rg7 34. bxc5
bxc5 35. Bd2 Ne7 36. Qh4 Rxg1+ 37. Kxg1 Ng8 38. Rg3 Bg7 39. Qg4 Qe7 40. Bc3 Nh6
41. Qh4 Qb7 42. Kg2 Qb1 43. f5 Qxa2+ 44. Kh3 Qf2 1/2-1/2

[Event "Herforder SV Königsspringer 1 - SV Ber"]
[Site "NRW-Liga - Gruppe 1 2019/2020"]
[Date "2019.09.15"]
[Round "1.5"]
[White "Wang, Andre"]
[Black "Loemker, Michael"]
[Result "0-1"]
[WhiteElo "2004"]
[BlackElo "2055"]
[PlyCount "36"]
[EventDate "2019.??.??"]
[SourceVersionDate "2020.03.16"]
[WhiteTeam "SV Bergneustadt/Derschlag 1"]
[BlackTeam "Herforder SV Königsspringer 1"]

1. d4 g6 2. c4 Bg7 3. Nf3 Nf6 4. Nc3 O-O 5. g3 d6 6. Bg2 Nbd7 7. O-O e5 8. e4
a5 9. h3 c6 10. Be3 a4 11. Qc2 Qa5 12. Rad1 Qb4 13. dxe5 Nxe5 14. Nxe5 dxe5 15.
Ne2 Be6 16. Rc1 b5 17. cxb5 Qxb5 18. Qxc6 Qxe2 0-1

[Event "Herforder SV Königsspringer 1 - SV Ber"]
[Site "NRW-Liga - Gruppe 1 2019/2020"]
[Date "2019.09.15"]
[Round "1.6"]
[White "Hanisch, Bernd"]
[Black "Michalik, Friedhelm"]
[Result "1/2-1/2"]
[WhiteElo "2012"]
[BlackElo "2007"]
[PlyCount "136"]
[EventDate "2019.??.??"]
[SourceVersionDate "2020.03.16"]
[WhiteTeam "Herforder SV Königsspringer 1"]
[BlackTeam "SV Bergneustadt/Derschlag 1"]

1. c4 c5 2. Nf3 Nc6 3. d4 cxd4 4. Nxd4 g6 5. g3 Bg7 6. Nc2 Qa5+ 7. Nd2 Nf6 8.
Bg2 O-O 9. O-O d6 10. Nb3 Qh5 11. e4 Qxd1 12. Rxd1 Be6 13. Ne3 Rac8 14. Nd5
Bxd5 15. cxd5 Ne5 16. Be3 Nfd7 17. Bh3 f5 18. exf5 gxf5 19. Nd4 Ng4 20. Nxf5
Nxe3 21. fxe3 Rc2 22. Nxe7+ Kh8 23. Rac1 Rxc1 24. Rxc1 Bh6 25. Rc8 Bxe3+ 26.
Kg2 Rxc8 27. Nxc8 Nf6 28. Nxd6 Nxd5 29. Nxb7 Bc1 30. b3 Ba3 31. Na5 Nc3 32. Nc4
Be7 33. a4 Ne4 34. Bf5 Nd6 35. Bd3 Nxc4 36. bxc4 Kg7 37. Kf3 h6 38. Ke4 Kf7 39.
Kd5 Ke8 40. Kc6 Kd8 41. a5 Bb4 42. a6 Bd2 43. Kd6 Bc3 44. Ke6 Kc7 45. Kd5 Bb4
46. c5 Ba3 47. Bb5 Bb4 48. g4 Be1 49. Ke6 Bf2 50. c6 Bh4 51. Kf5 Kb6 52. Kg6
Bg5 53. h4 Bf4 54. Be2 Kxc6 55. g5 hxg5 56. h5 Kb6 57. Kf5 Bd2 58. Kg4 Bc3 59.
Kxg5 Kc7 60. Kg6 Bd2 61. h6 Bxh6 62. Kxh6 Kb8 63. Bf3 Kc7 64. Kg6 Kb8 65. Kf6
Kc7 66. Ke7 Kb8 67. Bg4 Kc7 68. Ke8 Kb8 1/2-1/2

[Event "Herforder SV Königsspringer 1 - SV Ber"]
[Site "NRW-Liga - Gruppe 1 2019/2020"]
[Date "2019.09.15"]
[Round "1.7"]
[White "Linnenborn, Guido"]
[Black "Stoimenov, Ivan"]
[Result "0-1"]
[WhiteElo "1860"]
[BlackElo "1978"]
[PlyCount "68"]
[EventDate "2019.??.??"]
[SourceVersionDate "2020.03.16"]
[WhiteTeam "SV Bergneustadt/Derschlag 1"]
[BlackTeam "Herforder SV Königsspringer 1"]

1. c4 c6 2. Nc3 Nf6 3. Nf3 d5 4. d4 dxc4 5. a4 Bf5 6. e3 e6 7. Bxc4 Bb4 8. O-O
Nbd7 9. Qe2 Bg6 10. Bd3 Bh5 11. Ne4 Nxe4 12. Bxe4 Nf6 13. Bc2 Qd5 14. Rd1 Ne4
15. Qd3 Bg6 16. Qb3 Qxb3 17. Bxb3 Bh5 18. h3 Ke7 19. g4 Bg6 20. Bd2 Nxd2 21.
Nxd2 h5 22. Kg2 hxg4 23. hxg4 Rh4 24. f3 Rah8 25. Nf1 f5 26. g5 f4 27. exf4
Rxf4 28. Ne3 Rhf8 29. Rf1 Bh5 30. Ng4 Rxd4 31. Rad1 Rdf4 32. Ne5 Bd6 33. Rde1
Bxe5 34. Rxe5 Bxf3+ 0-1